Beginning Ilustration and Storyboarding for Games.

Saved in:
Bibliographic Details
Main Author: Pardew, Les (Author)
Format: Book
Published: Boston, Massachussets, United States: Thomson Course Technology, 2005.
Subjects:
Tags: Add Tag
No Tags, Be the first to tag this record!

MARC

LEADER 00000nam a22000007a 4500
003 CL-VaPUC
005 20250321101934.0
008 250127t2005 ||||| |||| 00| 0 eng d
999 |c 446829  |d 446827 
020 |a 1-59200-495-4 
040 |c Pontificia Universidad Católica de Valparaíso 
082 |a 794.81536 PAR 2005 
100 |9 895876  |a Pardew, Les  |e author 
245 |a Beginning Ilustration and Storyboarding for Games. 
260 |a Boston, Massachussets, United States:   |b Thomson Course Technology,  |c 2005. 
300 |a xv, 276 páginas:  |b ilustraciones. 
500 |a c.1. Instituto Arcos.08-01-2025. 
583 |c 20250127  |k Gabriela Rodríguez Cuevas 
650 0 |9 887248  |a Diseño de videojuegos 
650 0 |9 616332  |a Animación por computador 
650 0 |9 568445  |a Arte digital  |x Ilustraciones  
942 |2 ddc  |c BK  |n 0 
952 |0 0  |1 0  |2 ddc  |4 0  |6 794_815360000000000_PAR_2005  |7 0  |9 599967  |a BIBINC  |b BIBINC  |c GEN  |d 2025-01-27  |e Instituto Arcos  |i 5664817  |o 794.81536 PAR 2005  |p 5664817  |r 2025-01-27  |t 1  |w 2025-01-27  |y BK  |k IFP